漢字一文字の駅名を2つを合わせてできる漢字2文字の駅 - Statistics

General Stats
  • This quiz has been taken 82 times
    76 since last reset
  • The average score is 13 of 50
Answer Stats
区分 都道府県 駅名 % Correct
JR 静岡県 静岡
52%
JR 兵庫県 柏原
48%
JR 滋賀県 柏原
48%
JR他 大阪府 柏原
48%
JR他 富山県 高岡
46%
JR他 岩手県 盛岡
43%
私鉄 神奈川県 高津
41%
JR 京都府 高津
41%
私鉄 群馬県 赤坂
38%
私鉄 東京都 赤坂
38%
私鉄 山梨県 赤坂
38%
私鉄 福岡県 赤坂
38%
3セク 富山県 福岡
38%
3セク 熊本県 高森
36%
JR 茨城県 高萩
33%
私鉄 愛知県 柏森
31%
私鉄 埼玉県 高坂
31%
JR 宮崎県 高原
31%
JR 茨城県 福原
31%
JR 新潟県 長岡
30%
私鉄 東京都 長原
30%
地下鉄 大阪府 長原
30%
私鉄 愛知県 萩原
26%
私鉄 福岡県 萩原
26%
JR 岐阜県 長森
25%
JR 山梨県 長坂
23%
JR 山形県 長沢
23%
JR 北海道 桜岡
21%
私鉄 千葉県 高滝
21%
JR 宮崎県 広原
20%
JR 富山県 福光
20%
私鉄 福岡県 津福
18%
JR 長崎県 長里
18%
JR 宮城県 柳津
18%
私鉄 岐阜県 柳津
18%
JR 岩手県 柳原
18%
私鉄 長野県 柳原
18%
JR 愛媛県 柳原
18%
3セク 岩手県 滝沢
16%
JR 大阪府 長滝
16%
JR 愛媛県 高光
15%
JR 三重県 滝原
15%
JR 大分県 光岡
15%
3セク 北海道 泉沢
13%
地下鉄 福岡県 桜坂
13%
JR 青森県 長峰
13%
JR 岡山県 福渡
13%
JR 長野県 沢渡
11%
JR 宮城県 葛岡
10%
JR 北海道 錦岡
5%
No matching quizzes found
Score Distribution
Percent of People with Each Score
Percentile by Number Answered
Your Score History
You have not taken this quiz since the last reset